| 000 | 00548nam a22002057a 4500 | ||
|---|---|---|---|
| 005 | 20220728100512.0 | ||
| 008 | 220728b ||||| |||| 00| 0 eng d | ||
| 040 | _cAL | ||
| 041 | _aEnglish | ||
| 082 |
_223 _a338.094 _bAMIB |
||
| 100 |
_aRamanbhai B Amin _953731 |
||
| 245 | _aBusiness Industry and Society | ||
| 260 |
_aBARODA _bLight Publications Ltd |
||
| 300 |
_a218 p. _bPB _c18x12 cm. |
||
| 650 |
_aBusiness _953732 |
||
| 650 |
_aIndustry _953733 |
||
| 650 |
_aSociety _953734 |
||
| 700 |
_aAMIN (Ramanbhai B) _953735 |
||
| 942 |
_2ddc _cGF |
||
| 999 |
_c224252 _d224252 |
||